|
|
|
|
| LEADER |
00723cam a2200229 7i4500 |
| 001 |
0000002777 |
| 005 |
20170218090000.0 |
| 020 |
|
|
|a 9780072300352
|
| 020 |
|
|
|a 0072300353 (hbk.)
|
| 090 |
0 |
0 |
|a HF5635
|b .L53 2001
|
| 100 |
1 |
|
|a Libby, Robert
|
| 245 |
1 |
0 |
|a Financial accounting
|c Robert Libby, Patricia A. Libby, Daniel G. Short.
|
| 250 |
|
|
|a 3rd ed.
|
| 260 |
|
|
|a Boston:
|b McGraw-Hill/Irwin,
|c 2001.
|
| 300 |
|
|
|a xxxv, 875 p.:
|b col. ill.;
|c 29 cm.
|
| 650 |
0 |
0 |
|a Corporations --
|x Accounting
|
| 650 |
0 |
0 |
|a Accounting
|
| 650 |
0 |
0 |
|a Financial statements
|
| 700 |
1 |
|
|a Short, Daniel G
|
| 700 |
1 |
|
|a Libby, Patricia A
|
| 997 |
|
|
|a Business & Accountancy, Faculty
|
| 999 |
|
|
|a 0000001894
|b BOK
|c OPEN SHELF
|e 1st Floor, Shah Alam
|